Benefit-cost analysis of government programs (Record no. 11159)
[ view plain ]
| 000 -LEADER | |
|---|---|
| fixed length control field | 00291nam a22001217a 4500 |
| 040 ## - CATALOGING SOURCE | |
| Transcribing agency | HS |
| 082 ## - DEWEY DECIMAL CLASSIFICATION NUMBER | |
| Classification number | 351 EDW 1981 C089 |
| 100 ## - MAIN ENTRY--AUTHOR NAME | |
| Personal name | EDWARD M. GRAMLICH |
| 245 ## - TITLE STATEMENT | |
| Title | Benefit-cost analysis of government programs |
| 260 ## - PUBLICATION, DISTRIBUTION, ETC. (IMPRINT) | |
| Place of publication | USA |
| Name of publisher | EDWARD M. GRAMLICH |
| Year of publication | 1981 |
| 300 ## - PHYSICAL DESCRIPTION | |
| Number of Pages | 273p; |
| 942 ## - ADDED ENTRY ELEMENTS (KOHA) | |
| Koha item type | សៀវភៅភាសាអង់គ្លេស |
| 952 ## - LOCATION AND ITEM INFORMATION (KOHA) | |
| Withdrawn status [LOCAL, KOHA] | 0 |
| Permanent Location | Date acquired | Koha item type | Lost status | Shelving location | Barcode | Current Location | Full call number |
|---|---|---|---|---|---|---|---|
| Library Block C | 2017-02-17 | សៀវភៅភាសាអង់គ្លេស | C187 | A05416 | Library Block C | 351 EDW 1981 C187 |